| 000 | 00616nam a2200193 i 4500 | ||
|---|---|---|---|
| 001 | 99582 | ||
| 003 | ES-MaACL | ||
| 005 | 20230906182524.0 | ||
| 007 | t| | ||
| 008 | 050913s1968 sp ||||1| spa d | ||
| 100 | 1 |
_aMartínez Blanco, Antonio. _977892 |
|
| 245 | 1 | 4 |
_aLos derechos de comunicación del administrado en el ámbito local / _cAntonio Martínez Blanco. |
| 260 |
_aMadrid : _b[s.n.], _c1968 ( _fImprenta Sèz) |
||
| 300 |
_a134 p. ; _c21 cm. |
||
| 490 | 1 |
_aBiblioteca Certamen ; _vIX |
|
| 830 | 0 |
_aBiblioteca Certamen ; _vIX _9184539 |
|
| 852 |
_aES-MaACL _jC-37141 _bR.66392 |
||
| 999 |
_c99582 _d99582 |
||